00502nam a2200169Ia 450000500170000000800410001702000150005808200130007310000170008624500220010326000430012530000300016865000180019894200060021695200950022299900150031720250310050554.0240331s9999 xx 000 0 und d a9559540610 bWIJa800 aWijesekara,P 0aAmuthu ma minihek aDevi NuwarabPararthi Publishersc1992 aXXIX, 136 p .,  aMilitary man  cL 001040708LaWERCLbWERCLcSSCd2024-03-31l0o 800 WIJp1409r2024-03-31w2024-03-31yL c5228d5228